000 00664nam a2200217Ii 4500
003 JO-AjNU
008 230605s9999||||xx |||||||||||||| ||und||
017 _a1993/5133
020 _a977-11-0790-9
040 _aJO-AjNU
_bara
_erda
_cJO-AjNU
041 _aara
050 1 4 _aPJ7862.H68.A17 1993
100 3 _aتأليف شوقي،أحمد,
_eauthor
_911570
245 0 0 _aالشوقيات، الجزء الأول
264 3 1 _aالقاهرة: مكتبة مصر،1993
300 _aج1، 193ص
336 _atext
_btxt
_2rdacontent
337 _aunmediated
_bn
_2rdamedia
338 _avolume
_bnc
_2rdacarrier
650 4 _aالشعر العربي - مصر
_911571
999 _aA2392
_c5960
_d5960